00804nam a2200229 i 4500001000300000100002500003245007300028260004800101300004100149490003600190504003400226700001500260830003100275040000800306041000800314080002800322942000700350008004100357999001700398856009800415952006100513bg1 aGRUDZIŃSKI, Feliks 0aPopiołobetonowe elementy budowlane /cFeliks Grudzinski, Jan Mamaj. aWarszawa :bCentr. Ośr. Inf. Bud.,c1982. as. 52, nlb. 1 :bilustr., rys., tab.1 aProblematyka Budownictwa ;v167 a[Zawiera bibliogr. s. 52-53].1 aMAMAJ, Jan aProblematyka Budownictwa ; cBPK apol a666.97/.98:662.6/.9:691 cKS s pl f |000 0 pol  c20502d20502 uhttp://koha.tu.koszalin.pl/cgi-bin/koha/opac-detail.pl?biblionumber=20502yKatalog online BPK 00104070aBPKbBPKcwo28893p01622522s2016-05-06yKS